000 00621nam a2200205 a 4500
005 20240703063824.0
008 060519s2004 mx r 000 0 spa d
020 _a8483065835
035 _aUPN01000144552
049 _aCG
050 4 _aE18
_bF4.2
100 1 _aFernández-Armesto, Felipe
245 1 4 _aLas Américas /
_cFelipe Fernández-Armestro ; tr. Juan Manuel Ibeas.
260 _aBarcelona, Esp. :
_bRandom House Mondadori,
_c2004.
300 _a269 p.
440 0 _aDebate.
_pBreve historia universal
534 _pTítulo original:
_tThe America's
651 4 _aAmérica
_xHistoria
_92658
905 _aLibro
999 _c116699
_d116699